| 000 | 01091nam0a22002891 4500 | ||
|---|---|---|---|
| 001 | rc\882680 | ||
| 005 | 20250622030814.0 | ||
| 035 | _a(NLR Aleph) 006060217 | ||
| 090 |
_a4901035 _c4901035 |
||
| 100 | _a20041129d1983 |||y0rusy50 ca | ||
| 101 | 0 | _arus | |
| 102 | _aRU | ||
| 105 | _aa ||||||||| | ||
| 200 | 1 |
_aРасчет и проектирование опор жидкостного трения _eСправочник _fВ.А. Воскресенский, В.И. Дьяков, А.З. Зиле |
|
| 210 |
_aМ. _cМашиностроение _d1983 |
||
| 215 |
_a231 с. _cил. _d22 |
||
| 225 | 1 | _aБиблиотека конструктора | |
| 320 | _aБиблиогр.: с. 222-224 | ||
| 320 | _aПредм. указ.: с. 225-229 | ||
| 700 | 1 |
_aВоскресенский _bВ.А. _gВалентин Алексеевич |
|
| 701 | 1 |
_aДьяков _bВ.И. _gВиктор Иванович |
|
| 701 | 1 |
_aЗиле _bА.З. _gАлександр Зиновьевич |
|
| 801 | 0 |
_aRU _bNLR _gpsbo |
|
| 801 | 1 |
_aRU _bELAR _2rusmarc |
|
| 852 |
_aNLR _j84-5/483 |
||
| 942 | _cBOOK | ||
| 980 | _aNB | ||